000 01196nam a22002297a 4500
008 240129t2023 xxk|||||r|||| 00| 0 eng d
020 _a 9781739083007
041 _aeng
082 _a920 COW
100 _aCowie, Alan
245 _aI told you not to buy it:
_bhumorous anecdotes of a lifetime of property problems
260 _aYork,
_bYork Publishing Services,
_c2023
300 _a159p.
500 _aSigned by the author
520 _aInsight for those who will eventually step onto the property ladder or are already there and which follows the career of a Chartered Building Surveyor extending over 50 years. Whilst serious and often stressful to clients the variety of experiences and intriguing situations show the enjoyment and privilege of being able to address a multitude of problems and interesting characters. The humorous reflections from growing up in the once Railway Town of Shildon in County Durham to being a joint Senior Partner in the largest Northeast Firm of Chartered Building Surveyors.
650 _aBIOGRAPHY
650 _aBUILDING SURVEYING
651 _aUnited Kingdom
690 _96225
_aBuilding surveying
700 _aCowie, Alan
942 _n0
999 _c121781
_d121781